<?xml version="1.0" encoding="UTF-8"?>
<record
    xmlns:xsi="http://www.w3.org/2001/XMLSchema-instance"
    xsi:schemaLocation="http://www.loc.gov/MARC21/slim http://www.loc.gov/standards/marcxml/schema/MARC21slim.xsd"
    xmlns="http://www.loc.gov/MARC21/slim">

  <leader>02157cam a22003374a 4500</leader>
  <datafield tag="999" ind1=" " ind2=" ">
    <subfield code="c">20336</subfield>
    <subfield code="d">20336</subfield>
  </datafield>
  <controlfield tag="001">14164228</controlfield>
  <controlfield tag="005">20170119083825.0</controlfield>
  <controlfield tag="008">051102s2006    enkag    b    001 0 eng  </controlfield>
  <datafield tag="010" ind1=" " ind2=" ">
    <subfield code="a">  2005031824</subfield>
  </datafield>
  <datafield tag="020" ind1=" " ind2=" ">
    <subfield code="a">0195306368 (cloth : alk. paper)</subfield>
  </datafield>
  <datafield tag="020" ind1=" " ind2=" ">
    <subfield code="a">9780195306361 (cloth : alk. paper)</subfield>
  </datafield>
  <datafield tag="035" ind1=" " ind2=" ">
    <subfield code="a">(OCoLC)ocm62281884</subfield>
  </datafield>
  <datafield tag="042" ind1=" " ind2=" ">
    <subfield code="a">pcc</subfield>
  </datafield>
  <datafield tag="050" ind1="0" ind2="0">
    <subfield code="a">N71 .A762 2006</subfield>
  </datafield>
  <datafield tag="245" ind1="0" ind2="4">
    <subfield code="a">The artful mind :</subfield>
    <subfield code="b">cognitive science and the riddle of human creativity /</subfield>
    <subfield code="c">edited by Mark Turner.</subfield>
  </datafield>
  <datafield tag="260" ind1=" " ind2=" ">
    <subfield code="a">Oxford ;</subfield>
    <subfield code="a">New York :</subfield>
    <subfield code="b">Oxford University Press,</subfield>
    <subfield code="c">2006.</subfield>
  </datafield>
  <datafield tag="300" ind1=" " ind2=" ">
    <subfield code="a">xvi, 314 p. :</subfield>
    <subfield code="b">ill., music ;</subfield>
    <subfield code="c">25 cm.</subfield>
  </datafield>
  <datafield tag="504" ind1=" " ind2=" ">
    <subfield code="a">Includes bibliographical references and index.</subfield>
  </datafield>
  <datafield tag="505" ind1="0" ind2="0">
    <subfield code="t">Art and cognitive evolution /</subfield>
    <subfield code="r">Merlin Donald --</subfield>
    <subfield code="t">The aesthetic faculty /</subfield>
    <subfield code="r">Terrence Deacon --</subfield>
    <subfield code="t">A cognitive account of aesthetics /</subfield>
    <subfield code="r">Francis Steen --</subfield>
    <subfield code="t">Composition and emotion /</subfield>
    <subfield code="r">David Freedberg --</subfield>
    <subfield code="t">The art of compression /</subfield>
    <subfield code="r">Mark Turner --</subfield>
    <subfield code="t">The cognitive tango /</subfield>
    <subfield code="r">Lawrence M. Zbikowski --</subfield>
    <subfield code="t">Dynamics of completion /</subfield>
    <subfield code="r">Shirley Brice Heath --</subfield>
    <subfield code="t">The neuroscience of form in art /</subfield>
    <subfield code="r">George Lakoff --</subfield>
    <subfield code="t">Form and meaning in art /</subfield>
    <subfield code="r">Per Aage Brandt --</subfield>
    <subfield code="t">Slippages of meaning and form /</subfield>
    <subfield code="r">Stephen Murray --</subfield>
    <subfield code="t">Making relics work /</subfield>
    <subfield code="r">Robert A. Scott --</subfield>
    <subfield code="t">Architectural space as metaphor in the Greek sanctuary /</subfield>
    <subfield code="r">Gloria Ferrari --</subfield>
    <subfield code="t">The neurology of ambiguity /</subfield>
    <subfield code="r">Semir Zeki --</subfield>
    <subfield code="t">Mastering ambiguity /</subfield>
    <subfield code="r">Marc De Mey.</subfield>
  </datafield>
  <datafield tag="650" ind1=" " ind2="0">
    <subfield code="a">Art</subfield>
    <subfield code="x">Psychology.</subfield>
  </datafield>
  <datafield tag="650" ind1=" " ind2="0">
    <subfield code="a">Cognition.</subfield>
  </datafield>
  <datafield tag="650" ind1=" " ind2="0">
    <subfield code="a">Creative ability.</subfield>
  </datafield>
  <datafield tag="700" ind1="1" ind2=" ">
    <subfield code="a">Turner, Mark,</subfield>
    <subfield code="d">1954-</subfield>
  </datafield>
  <datafield tag="856" ind1="4" ind2="1">
    <subfield code="3">Table of contents only</subfield>
    <subfield code="u">http://www.loc.gov/catdir/toc/ecip062/2005031824.html</subfield>
  </datafield>
  <datafield tag="856" ind1="4" ind2="2">
    <subfield code="3">Publisher description</subfield>
    <subfield code="u">http://www.loc.gov/catdir/enhancements/fy0640/2005031824-d.html</subfield>
  </datafield>
  <datafield tag="942" ind1=" " ind2=" ">
    <subfield code="2">lcc</subfield>
    <subfield code="c">BOOKS</subfield>
    <subfield code="h">N71 .A762 2006</subfield>
  </datafield>
  <datafield tag="952" ind1=" " ind2=" ">
    <subfield code="0">0</subfield>
    <subfield code="1">0</subfield>
    <subfield code="2">lcc</subfield>
    <subfield code="4">0</subfield>
    <subfield code="7">0</subfield>
    <subfield code="a">MUC</subfield>
    <subfield code="b">MUC</subfield>
    <subfield code="c">TECH</subfield>
    <subfield code="d">2017-01-19</subfield>
    <subfield code="e">Donation(BFA)</subfield>
    <subfield code="l">1</subfield>
    <subfield code="o">N71 .A762 2006</subfield>
    <subfield code="p">30490</subfield>
    <subfield code="r">2019-11-16</subfield>
    <subfield code="s">2019-11-16</subfield>
    <subfield code="w">2017-01-19</subfield>
    <subfield code="y">BOOKS</subfield>
  </datafield>
</record>
